000 00414 a2200157 4500
001 186003
020 _a85-7244-053-4
040 _cMagnum
100 _aRodrigues, Arlete Moyses
240 1 0 _aRepensando a geografia: moradia nas cidades brasileiras
_lpor
245 1 0 _aRepensando a geografia: moradia nas cidades brasileiras
300 _a71
362 0 _a2001
697 _aGEOGRAFIA DO BRASIL
942 _cBK
999 _c186003
_d186003